Pouvez-vous nommez touts les Pays du Monde en 5 minutes ? - Statistiques

Statistiques générales
  • Ce quiz a été pris 171 fois
  • Le résultat moyen est 88 sur 196
Réponses sur la Carte
Les réponses sont colorées sur une échelle allant du rouge au vert en fonction du pourcentage des utilisateurs qui les ont devinées à leur premier essai. Vous pouvez retrouver ces pourcentages ci-dessous.
 
Statistiques - réponses
Pays % Correct
France
93%
Canada
89%
États Unis
89%
Brésil
86%
Espagne
86%
Italie
85%
Russie
85%
Algerie
84%
Mexique
82%
Allemagne
81%
Chine
81%
Portugal
81%
Argentine
80%
Maroc
80%
Australie
79%
Belgique
77%
Égypte
75%
Royaume Uni
75%
Chili
74%
Japon
74%
Inde
73%
Suisse
72%
Tunisie
72%
Pérou
71%
Danemark
70%
Irlande
70%
Norvege
70%
Suède
70%
Grece
69%
Ukraine
69%
Turquie
68%
Colombie
67%
Finlande
67%
Pologne
67%
Bolivie
66%
République Démocratique du Congo
66%
Congo
65%
Uruguay
64%
Cuba
63%
Afrique du sud
61%
Équateur
60%
Vénézuela
60%
Autriche
59%
Estonie
59%
Islande
59%
Pays Bas
59%
Panama
58%
Corée du Sud
57%
Arabie Saoudite
56%
Bielorussie
56%
Lituanie
56%
Corée du Nord
55%
Libye
55%
Paraguay
55%
Croatie
54%
Irak
54%
Lettonie
54%
Mali
54%
Thaïlande
54%
Iran
53%
Luxembourg
53%
Mongolie
52%
Roumanie
52%
Slovaquie
51%
Suriname
51%
Guatemala
50%
Honduras
50%
Hongrie
49%
République Tchèque
49%
Costa Rica
48%
Indonesie
48%
Jamaique
48%
Kazakhstan
48%
Oman
48%
Albanie
47%
Andorre
47%
Guyana
47%
Madagascar
47%
Nouvelle Zelande
47%
Sénégal
47%
Haiti
46%
Slovenie
46%
Yemen
46%
Israel
44%
Pakistan
44%
Salvador
44%
Monaco
43%
Soudan
43%
Syrie
43%
Belize
42%
Éthiopie
42%
Nicaragua
42%
Niger
42%
Serbie
42%
Bulgarie
41%
Guinee
41%
Macédoine du Nord
41%
Moldavie
41%
Qatar
41%
Afghanistan
40%
Bahamas
40%
Bosnie Herzégovine
40%
Laos
40%
Malte
40%
Mauritanie
40%
Montenegro
40%
Vatican
40%
Vietnam
40%
Angola
39%
Chypre
39%
Liban
39%
Nigéria
39%
Somalie
39%
Tchad
39%
Cote d'Ivoire
38%
République Dominicaine
38%
Cambodge
37%
Émirats Arabes Unis
37%
Kosovo
37%
Népal
36%
Saint Marin
36%
Bénin
35%
Fidji
35%
Togo
35%
Dominique
33%
Philippines
33%
Bangladesh
32%
Kenya
32%
Antigua et Barbuda
31%
Armenie
31%
Bhoutan
31%
Cameroun
31%
Gabon
31%
Géorgie
31%
Namibie
31%
Ouzbékistan
31%
Soudan du sud
31%
Zambie
31%
Azerbaidjan
30%
Ghana
30%
Liechtenstein
30%
Malaisie
30%
Saint Vincent et les Grenadines
30%
Taïwan
30%
Tanzanie
30%
Trinité et Tobago
30%
Zimbabwe
30%
Cap Vert
29%
Guinee Bissau
29%
Jordanie
29%
Koweit
29%
Papouasie Nouvelle Guinee
29%
Saint Lucie
29%
Seychelles
29%
Birmanie
28%
Comores
28%
Érythree
28%
Samoa
28%
Sri Lanka
28%
Turkménistan
28%
Vanuatu
28%
Bahrein
27%
Barbade
27%
Djibouti
27%
Grenade
27%
Îles Marshall
27%
République Centrafricaine
27%
Tonga
27%
Burkina Faso
26%
Gambie
26%
Îles Salomon
26%
Maldives
26%
Mozambique
26%
Saint Christophe et Niévès
26%
Singapour
26%
Tadjikistan
26%
Tuvalu
26%
États Fédérés de Micronesie
25%
Kirghizistan
25%
Kiribati
25%
Nauru
25%
Botswana
24%
Lesotho
24%
Maurice
24%
Palaos
24%
Eswatini
23%
Guinée Équatoriale
23%
Malawi
23%
Brunei
22%
Ouganda
22%
Libéria
21%
Burundi
20%
Timor Oriental
19%
Rwanda
17%
Sierra Leone
15%
Sao Tome et Principes
0%
Aucun quiz correspondant
Distribution des résultats
% des personnes avec chaque résultat
Percentile par nombre de réponses
Votre historique - résultats
Vous n’avez pas pris ce quiz